Theologie im Pianissimo & zwischen Rationalität und Dekonstruktion: die Aktualität der Denkfiguren Adornos und Levinas'
Zsfassung in niederländ. Sprache
| Main Author: | |
|---|---|
| Format: | Print Book |
| Language: | German |
| Subito Delivery Service: | Order now. |
| Check availability: | HBZ Gateway |
| WorldCat: | WorldCat |
| Interlibrary Loan: | Interlibrary Loan for the Fachinformationsdienste (Specialized Information Services in Germany) |
| Published: |
Kampen
Kok
1989
|
| In: | Year: 1989 |
| Standardized Subjects / Keyword chains: | B
Adorno, Theodor W. 1903-1969
/ Lévinas, Emmanuel 1906-1995
/ Theology
|
| Further subjects: | B
Rationalism
B Deconstruction B Adorno, Theodor W B Transcendence (Philosophy) B Lévinas, Emmanuel B Philosophical Theology B Thesis B Dialectic |
| Online Access: |
Table of Contents |
MARC
| LEADER | 00000cam a2200000 c 4500 | ||
|---|---|---|---|
| 001 | 018170048 | ||
| 003 | DE-627 | ||
| 005 | 20251219203037.0 | ||
| 007 | tu | ||
| 008 | 900105s1989 ne ||||| m 00| ||ger c | ||
| 020 | |a 9024251796 |9 90-242-5179-6 | ||
| 035 | |a (DE-627)018170048 | ||
| 035 | |a (DE-576)019241445 | ||
| 035 | |a (DE-599)GBV018170048 | ||
| 035 | |a (OCoLC)231085490 | ||
| 035 | |a (DE-604)8040616886 | ||
| 040 | |a DE-627 |b ger |c DE-627 |e rakwb | ||
| 041 | |a ger | ||
| 044 | |c XA-NL | ||
| 050 | 0 | |a BT40 | |
| 082 | 0 | |a 200.10922 |q OCLC |2 20 | |
| 084 | |a 1 |2 ssgn | ||
| 084 | |a BF 7990 |2 rvk |0 (DE-625)rvk/11162: | ||
| 084 | |a CI 1337 |2 rvk |0 (DE-625)rvk/18371:11616 | ||
| 084 | |a BG 2130 |2 rvk |0 (DE-625)rvk/11208: | ||
| 084 | |a 08.45 |2 bkl | ||
| 084 | |a 08.25 |2 bkl | ||
| 084 | |a 08.37 |2 bkl | ||
| 084 | |a 11.00 |2 bkl | ||
| 100 | 1 | |0 (DE-588)124760856 |0 (DE-627)365927147 |0 (DE-576)172090369 |4 aut |a Vries, Hent de |d 1958- | |
| 109 | |a Vries, Hent de 1958- |a Vries, Hendrik de 1958- |a De Vries, Hent 1958- |a De Vries, Hendrik 1958- | ||
| 245 | 1 | 0 | |a Theologie im Pianissimo & zwischen Rationalität und Dekonstruktion |b die Aktualität der Denkfiguren Adornos und Levinas' |c Hent de Vries |
| 246 | 3 | 0 | |a und |
| 264 | 1 | |a Kampen |b Kok |c 1989 | |
| 300 | |a X, 354 S. | ||
| 336 | |a Text |b txt |2 rdacontent | ||
| 337 | |a ohne Hilfsmittel zu benutzen |b n |2 rdamedia | ||
| 338 | |a Band |b nc |2 rdacarrier | ||
| 500 | |a Includes bibliographical references, p. 335 - 349 | ||
| 502 | |a Zugl.: Leiden, Rijksuniv., Diss., 1989 | ||
| 520 | |a Zsfassung in niederländ. Sprache | ||
| 583 | 1 | |a Archivierung prüfen |c 20200919 |f DE-640 |z 2 |2 pdager | |
| 583 | 1 | |a Archivierung/Langzeitarchivierung gewährleistet |f SSG |x XA-DE-BW |2 pdager |5 DE-21 | |
| 583 | 1 | |a Archivierung prüfen |c 20240324 |f DE-4165 |z 3 |2 pdager | |
| 600 | 1 | 0 | |a Adorno, Theodor W |
| 600 | 1 | 0 | |a Lévinas, Emmanuel |
| 601 | |a Rationalität | ||
| 601 | |a Dekonstruktion | ||
| 601 | |a Aktualität | ||
| 650 | 0 | |a Philosophical Theology | |
| 650 | 0 | |a Rationalism | |
| 650 | 0 | |a Deconstruction | |
| 650 | 0 | |a Dialectic | |
| 650 | 0 | |a Transcendence (Philosophy) | |
| 655 | 7 | |a Hochschulschrift |0 (DE-588)4113937-9 |0 (DE-627)105825778 |0 (DE-576)209480580 |2 gnd-content | |
| 689 | 0 | 0 | |d p |0 (DE-588)118500775 |0 (DE-627)135597838 |0 (DE-576)160030862 |2 gnd |a Adorno, Theodor W. |d 1903-1969 |
| 689 | 0 | 1 | |d p |0 (DE-588)118572350 |0 (DE-627)135606780 |0 (DE-576)20901315X |2 gnd |a Lévinas, Emmanuel |d 1906-1995 |
| 689 | 0 | 2 | |d s |0 (DE-588)4059758-1 |0 (DE-627)104131446 |0 (DE-576)209132159 |2 gnd |a Theologie |
| 689 | 0 | |5 (DE-627) | |
| 751 | |a Leiden |4 uvp | ||
| 856 | 4 | 2 | |u http://d-nb.info/942136012/04 |m B:DE-101 |q pdf/application |v 2014-08-27 |x Verlag |3 Inhaltsverzeichnis |7 1 |
| 889 | |w (DE-627)076029379 | ||
| 889 | |w (DE-627)275253155 | ||
| 935 | |a mteo | ||
| 935 | |i Blocktest | ||
| 936 | r | v | |a BF 7990 |b Sonstige |k Theologie und Religionswissenschaften |k Philosophie |k Quellen zur Philosophiegeschichte |k Neueste Zeit (ab ca. 1850) |k Sonstige |0 (DE-627)1270663801 |0 (DE-625)rvk/11162: |0 (DE-576)200663801 |
| 936 | r | v | |a CI 1337 |b Abhandlungen, Studien |k Philosophie |k Geschichte der Philosophie |k Geschichte der Philosophie des Abendlandes von Antike bis 20. Jahrhundert |k Philosophie des 20. Jahrhunderts |k Deutschland und deutschsprachige Länder |k Autoren |k Autoren A |k Adorno, Theodor W. |k Abhandlungen, Studien |0 (DE-627)1271508141 |0 (DE-625)rvk/18371:11616 |0 (DE-576)201508141 |
| 936 | r | v | |a BG 2130 |b Philosophische Hermeneutik |k Theologie und Religionswissenschaften |k Fundamentaltheologie |k Hermeneutik, Wissenschaftstheorie und Methodenlehre |k Hermeneutik |k Philosophische Hermeneutik |0 (DE-627)1270722409 |0 (DE-625)rvk/11208: |0 (DE-576)200722409 |
| 936 | b | k | |a 08.45 |j Politische Philosophie |0 (DE-627)10640301X |
| 936 | b | k | |a 08.25 |j Zeitgenössische westliche Philosophie |0 (DE-627)106403672 |
| 936 | b | k | |a 08.37 |j Religionsphilosophie |0 (DE-627)106405578 |
| 936 | b | k | |a 11.00 |j Theologie |j Religionswissenschaft: Allgemeines |q coli-conc NSK->BK |q https://coli-conc.gbv.de/api/mappings/f84af606-91a3-411d-b6bd-06d818fa3caf |0 (DE-627)106415271 |
| 951 | |a BO | ||
| ELC | |b 1 | ||
| ITA | |a 1 |t 1 | ||
| LOK | |0 000 xxxxxcx a22 zn 4500 | ||
| LOK | |0 001 3330810815 | ||
| LOK | |0 003 DE-627 | ||
| LOK | |0 004 018170048 | ||
| LOK | |0 005 19940505000000 | ||
| LOK | |0 008 891213||||||||||||||||ger||||||| | ||
| LOK | |0 040 |a DE-21 |c DE-627 |d DE-21 | ||
| LOK | |0 852 |a DE-21 | ||
| LOK | |0 852 1 |c 29 A 14600 |9 00 | ||
| LOK | |0 935 |a theo | ||
| LOK | |0 936ln |a t5 | ||
| LOK | |0 939 |a 13-12-89 |b l01 | ||
| ORI | |a SA-MARC-ixtheoa001.raw | ||
| REL | |a 1 | ||
| STA | 0 | 0 | |a Theology,Theology |
| STB | 0 | 0 | |a Théologie,Théologie |
| STC | 0 | 0 | |a Teología,Teología |
| STD | 0 | 0 | |a Teologia,Teologia |
| STE | 0 | 0 | |a 神学家 |
| STF | 0 | 0 | |a 神學家 |
| STG | 0 | 0 | |a Teologia,Teologia |
| STH | 0 | 0 | |a Богословие (мотив),Богословие |
| STI | 0 | 0 | |a Θεολογία (μοτίβο),Θεολογία |
| SUB | |a REL | ||
| SYA | 0 | 0 | |a Lévinas, Emmanuel |
| SYG | 0 | 0 | |a Adorno, Theodor Wiesengrund,1903-1969,Adorno, Th. Wiesengrund,1903-1969,Adorno, Theodor,1903-1969,Adorno, T. W.,1903-1969,Adorno, T.W.,1903-1969,Adorno, Teʾodor V.,1903-1969,Adorno, Teodor V.,1903-1969,Adorno, Teodor,1903-1969,Adorno, Teodors V.,1903-1969,Adorŭno, T'eodorŭ,1903-1969,Adorŭno, T. W.,1903-1969,Adorŭno, T.W.,1903-1969,Adoruno, Teodōru W.,1903-1969,Adoruno, Teodōru,1903-1969,Adoruno, Th. W.,1903-1969,Adoruno,1903-1969,Aduonuo, Tiaoduo,1903-1969,Aduonuo, T. W.,1903-1969,Aduonuo, T.W.,1903-1969,Adorno, Th. W.,1903-1969,Aduonuo,1903-1969,A duo nuo,1903-1969,Ādūrnū, Tiʾūdūr W.,1903-1969,Antorno, Teontor B.,1903-1969,T. W. A duo nuo,1903-1969,T.-W.-Aduonuo,1903-1969,Tiaoduo-Aduonuo,1903-1969,Ti ao duo A duo nuo,1903-1969,Wiesengrund, Theodor Ludwig,1903-1969,W.-Adorno, Theodor,1903-1969,Wiesengrund Adorno, Theodor,1903-1969,Wiesengrund-Adorno, Theodor Ludwig,1903-1969,Wiesengrund-Adorno, Theodor L.,1903-1969,Wiesengrund-Adorno, Th. L.,1903-1969,Wiesengrund, Teddie,1903-1969,Adorno, Theodor W.,1903-1969,Wiesengrund-Adorno, Theodor,1903-1969,Wiesengrund, Theodor,1903-1969,Adorno, Theodor W,1903-1969 , Levinas, Emmanuel,1906-1995,Lēwînas, ʿImmānûʾēl,1906-1995,Lévinas, E.,1906-1995,Levinas, Ìmanu'el,1906-1995,Lévinas,1906-1995,Levinas, Ėmmanjuėlʹ,1906-1995,Levinas, Emmanuelis,1906-1995,Leṿinas, ʿEmanuʾel,1906-1995,Lewin, Emmanuil Iechilowitsch,1906-1995 , Christliche Theologie |



